Modelado y simulación de una unidad de control térmico para sistemas electrónicos empleando materiales de cambio de fase y potenciadores de conductividad térmica
Gardado en:
| Autor Principal: | |
|---|---|
| Outros autores: | |
| Formato: | Libro |
| Idioma: | Spanish |
| Publicado: |
San José, Costa Rica
2020
|
| Materias: | |
| Etiquetas: |
Engadir etiqueta
Sen Etiquetas, Sexa o primeiro en etiquetar este rexistro!
|
MARC
| LEADER | 00000nam a2200000Ia 4500 | ||
|---|---|---|---|
| 003 | 013330 | ||
| 005 | 20230324145214.0 | ||
| 008 | 140114s2020 cr a 000 ||spa d | ||
| 040 | |c cru CEDI | ||
| 100 | |a Bolaños Jiménez, Erick Manuel, 1994- |9 37 | ||
| 245 | |a Modelado y simulación de una unidad de control térmico para sistemas electrónicos empleando materiales de cambio de fase y potenciadores de conductividad térmica | ||
| 260 | |a San José, Costa Rica |c 2020 | ||
| 500 | |a Proyecto de graduación(licenciatura en ingeniería química)--Universidad de Costa Rica. Facultad de Ingeniería. Escuela de Ingeniería Química | ||
| 501 | |a Directora de Proyecto de Graduación: Ing. Natalia Hernández Montero, PhD. | ||
| 650 | |x SISTEMAS ELECTRONICOS |x MEMORIA DE CAMBIO DE FASE |x SIMULACION POR COMPUTADORA |x IMAGEN TRIDIMENSIONAL EN DISEÑO |x ELECTRONICA - APARATOS E INSTRUMENTOS - PROPIEDADES TERMICAS |x TERMOQUIMICA |x CONDUCTIVIDAD TERMICA |x CONTROL DE LA TEMPERATURA - SIMULACION POR COMPUTADORA | ||
| 700 | |9 12 |a Hernández Montero, Natalia, 1981- |d Directora del TFG | ||
| 942 | |c CEDI | ||
| 999 | |c 21832 |d 21832 | ||
